GeoGuessr - US telephone area codes - Level 7 - Statistics

General Stats
  • This quiz has been taken 37 times
  • The average score is 40 of 50
Answer Stats
Hint Answer % Correct
907 Alaska
100%
479 Arkansas
88%
501 Arkansas
88%
870 Arkansas
88%
970 Colorado
88%
203 Connecticut
88%
302 Delaware
88%
808 Hawaii
88%
208 Idaho
88%
986 Idaho
88%
207 Maine
88%
406 Montana
88%
308 Nebraska
88%
531 Nebraska
88%
702 Nevada
88%
725 Nevada
88%
775 Nevada
88%
603 New Hampshire
88%
505 New Mexico
88%
575 New Mexico
88%
701 North Dakota
88%
401 Rhode Island
88%
605 South Dakota
88%
385 Utah
88%
435 Utah
88%
801 Utah
88%
802 Vermont
88%
202 Washington, D.C.
88%
771 Washington, D.C.
88%
304 West Virginia
88%
681 West Virginia
88%
303 Colorado
75%
719 Colorado
75%
720 Colorado
75%
475 Connecticut
75%
860 Connecticut
75%
959 Connecticut
75%
316 Kansas
75%
601 Mississippi
75%
402 Nebraska
75%
405 Oklahoma
75%
580 Oklahoma
75%
307 Wyoming
75%
620 Kansas
63%
228 Mississippi
63%
662 Mississippi
63%
769 Mississippi
63%
918 Oklahoma
63%
785 Kansas
50%
913 Kansas
50%
No matching quizzes found
Score Distribution
Percent of People with Each Score
Percentile by Number Answered
Your Score History
You have not taken this quiz